000 00550nam a2200193Ia 4500
003 GCL
008 140319s9999 xx 000 0 ara d
040 _aGCL /
_cGCL
082 0 4 _a823.03
_bج ق
100 1 _aجرين جراهام
245 1 0 _aقضية ضائعة /
_cجرين جراهام
700 1 _aمحمود مسعود
300 _a162 ص
490 _aروايات الهلال
_v0
650 0 4 _aالقصص الانجليزية
650 0 4 _aالادب الانجليزى
650 0 4 _aالقصص المترجمة
942 _2ddc
_cBK
999 _c39467
_d39467